El cristal: del modernismo al art deco.
Furkejuvvon:
| Searvvušdahkki: | |
|---|---|
| Materiálatiipa: | Girji |
| Almmustuhtton: |
Madrid, España:
Fundación Santillana,
2001.
|
| Fáttát: | |
| Fáddágilkorat: |
Lasit fáddágilkoriid
Eai fáddágilkorat, Lasit vuosttaš fáddágilkora!
|
MARC
| LEADER | 00000nam a22000007a 4500 | ||
|---|---|---|---|
| 003 | CL-VaPUC | ||
| 005 | 20220822114809.0 | ||
| 008 | 220803t2001 ||||| |||| 00| 0 eng d | ||
| 999 | |c 437929 |d 437927 | ||
| 020 | |a 84-88295-41-3 | ||
| 040 | |c Pontificia Universidad Católica de Valparaíso | ||
| 082 | 7 | |a 748.2 FUN 2001 |2 22 | |
| 110 | |a Fundación Santillana |e autor |9 874725 | ||
| 245 | |a El cristal: del modernismo al art deco. | ||
| 260 | |a Madrid, España: |b Fundación Santillana, |c 2001. | ||
| 300 | |a 125 páginas. | ||
| 500 | |a c.1 Donación Familia Prof. Alejandro Guzmán Brito. | ||
| 583 | |c 20220803 |k Catalogador Asistente | ||
| 650 | |a Vidrio |x Artes decorativas |9 874871 | ||
| 650 | |a Arte del vidrio |9 874872 | ||
| 942 | |2 ddc |c BK |n 0 | ||
| 952 | |0 0 |1 0 |2 ddc |4 0 |6 748_200000000000000_FUN_2001 |7 0 |8 C_AGB |9 585785 |a BIBDER |b BIBDER |d 2022-08-03 |e Donación |i 5653768 |o 748.2 FUN 2001 |p 5653768 |r 2023-01-25 |t 1 |w 2022-08-03 |y BK_US |k AGB | ||